Statystyki dla Najgorsi dyktatorzy w historii

Kliknij tutaj aby rozwiązać quiz!

Ogólne statystyki

  • Ten quiz został rozwiązany 402 razy
  • Średni wynik to 4 z 10

Statystyki odpowiedzi

KrajZabitych ludziDyktator% Poprawnych
Związek Radziecki18,5mlnJózef Stalin
96%
Niemcy8,9mlnAdolf Hitler
95%
Chiny30,8mlnMao Zedong
79%
Kambodża2,1mlnPol Pot
51%
Irak632tysSaddam Husajn
30%
Belgia6.2mlnLeopold II Koburg
15%
Japonia6,4mlnHideki Tojo
14%
Indonezja906tysSuharto
9%
Sudan1,6mlnOmar al-Bashir
3%
Chiny10,5mlnChiang Kai-Shek
1%

Rozkład punktacji

Percentyl według liczby udzielonych odpowiedzi

Procent ludzi z każdym wynikiem

Twoja historia wyników

Nie rozwiązałeś tego quizu